000
002610000a22000970004500
100
1
_a
Cruchley Jones, Peter
245
1
0
_a
Reflecting with Ruth and Mary
300
_a
Vol. 53, Num. 2 & 3, (Octubre, 2003), Páginas 150-167
773
0
_t
Reformed World
942
_c
ANA
999
_c
55656
_d
55656